000 00622nam a2200181Ia 4500
008 260312s9999 xx 000 0 und d
020 _a9505083777
082 _a342.2 N716f 1992 HNA
100 _aNino, Carlos Santiago
_911258
245 0 _aFundamentos de derecho constitucional: análisis filosófico, jurídico y politológico de la práctica constitucional
260 _aEditorial Astrea de Alfredo y Ricardo Depalma
260 _bBuenos Aires, Argentina
260 _c1992
300 _a745p.
500 _aColección Humberto Nogueira Alcalá
650 _aDerecho constitucional
_91698
942 _2ddc
_cLIBRO
999 _c20040
_d20040